000 00350nam a2200133Ia 4500
008 240624s9999 xx 000 0 und d
041 _aeng
082 _a021.24 SHA
100 _aSHARMA U C
245 _aNETTING OBJECTIVE TESTS IN LIBRARY AND I
260 _c2006
_aNew Delhi
_bEss Ess Publications
300 _a184 : p. : cm. ; 21
365 _cRS
_b20
999 _c8406
_d8406